| 000 | 00639nam a2200169Ia 4500 | ||
|---|---|---|---|
| 003 | LDD | ||
| 008 | 190117s9999 xx 000 0 und d | ||
| 020 | _c₹60 | ||
| 040 | _cLDD | ||
| 041 | _ahi | ||
| 082 | _a8H3.7 शि 6846 सा | ||
| 100 | _aशिवदास | ||
| 245 | 0 |
_aसावित्री-सौरभ _bश्री अरविन्द के आर्ष महाकाव्य'सावित्री' पर आधारित शोध-प्रबन्ध पघ र _cशिवदास |
|
| 260 |
_aदेहरादून _bसिद्धलोक _c1988 |
||
| 300 | _a255प्र. | ||
| 942 |
_2ddc _cH |
||
| 999 |
_c171709 _d171709 |
||